000 00832nam a2200253Ia 4500
003 OSt
005 20220918171441.0
006 a|||||r|||| 00| 0
007 ta
008 220917b |||||||| |||| 00| 0 eng d
020 _a978178531572 (hbk)
_cUKP 75.00
024 _a317,264
037 _b086, 23/02/2017, Classic Book Service
_cTextual
040 _aARTS
_cARTS
_beng
041 _2eng
_aeng
082 _aY:1.6, Q6
100 _aMarks Stuart A. Au.
_936615
245 0 _aLife as a hunt
_b thresholds of identities and illusions on an African landscape
260 _aNew York
_bBerghahn US
_c2016
300 _axxxix,504p.
_ccm.
650 _aAFRICA - CIVILIZATION; SOCIOLOGY
_936616
942 _hY:1.6, Q6
_cTEXL
_2CC
999 _c139597
_d139597